000
00314nam a22001457a 4500
008
210531b ||||| |||| 00| 0 eng d
020
_a
9781454806158
041
_a
eng
080
_2
8th
_a
34
082
_a
34
100
_a
13
101
_a
JUR
245
_a
The Torts Process
_c
Wolters Kluwer
942
_2
udc
_c
BK
999
_c
57829
_d
57829